00485nam a22001692 4500001001100000005001700011008004100028020001200069040001500081050002200096100003300118245006200151260003200213300001600245650002600261700002800287000000205320151217155202.0070402s xx 000 0 eng d cKES 440 aKABUcKABU 0aHF1008b.R83 19861 aRwabutoga, R. B.@000015127112aA Textbook of commerce /cR. B. Rwabutoga and N. Spencer. aNairobi :bE.A.E.P.,c1986. axiv, 463 p. 0aCommerce.@00001512691 aSpencer, N.@0000151272